La Vita Di Gabriele D'anunzio

Uloženo v:
Podrobná bibliografie
Hlavní autor: Piero Chiarac
Médium: Kniha
Jazyk:neznámý jazyk
Vydáno: Club Editori
Tagy: Přidat tag
Žádné tagy, Buďte první, kdo vytvoří štítek k tomuto záznamu!

MARC

LEADER 00000nam a2200000Ia 4500
001 R-1409
003 CODICE-MESSINA
005 20260212102507.0
008 260211s9999 xx 000 0 und d
040 |c importazione_messina 
100 |a Piero Chiarac  
245 0 |a La Vita Di Gabriele D'anunzio  
260 |b Club Editori 
942 |2 ddc  |c BK 
952 |0 0  |1 0  |2 ddc  |4 0  |6 SCAFFALE_13_000000000000000__LETTERATURA  |7 0  |9 32245  |a ME  |b ME  |d 2026-02-11  |l 0  |o SCAFFALE 13 - LETTERATURA  |p R-1409  |r 2026-02-11 23:53:04  |w 2026-02-11  |x [REVISIONARE]  |y BK 
999 |c 27912  |d 27912